| 000 | 00515nam a22001937a 4500 | ||
|---|---|---|---|
| 003 | OSt | ||
| 005 | 20150415130649.0 | ||
| 008 | 150114b xxu||||| |||| 00| 0 eng d | ||
| 020 | _a190119857x | ||
| 040 | _cDNLM | ||
| 082 | _aWB 100 B519m 2002 | ||
| 100 |
_aBinymin K _92408 |
||
| 245 |
_aMRCP 1 : _b'Best of five' multiple choice revision book / _cK Binymin |
||
| 260 |
_aManchester : _bPASTEST ; _c2002. |
||
| 300 |
_aviii, 216p : _c27 cm. |
||
| 504 | _aincludes index. | ||
| 650 |
_aMRCP _91991 |
||
| 942 |
_2z _cSLOAN |
||
| 999 |
_c893 _d893 |
||